UBT Library

ILLUSTRATED DENTALK EMBRYOLOGY HISTOLOGY AND ANATOMY (Record no. 59633)

000 -LEADER
fixed length control field 00381nam a22001457a 4500
008 - FIXED-LENGTH DATA ELEMENTS--GENERAL INFORMATION
fixed length control field 230427b ||||| |||| 00| 0 eng d
020 ## - INTERNATIONAL STANDARD BOOK NUMBER
International Standard Book Number 9781455776856
041 ## - LANGUAGE CODE
Language code of text/sound track or separate title eng
080 ## - UNIVERSAL DECIMAL CLASSIFICATION NUMBER
Edition identifier 4TH EDITION
Universal Decimal Classification number 616.31
082 ## - DEWEY DECIMAL CLASSIFICATION NUMBER
Classification number 616.31FEH
100 ## - Rafti
Rafti 12
101 ## - Shkurtesa
Shkurtesa STOMATOL
245 ## - TITLE STATEMENT
Title ILLUSTRATED DENTALK EMBRYOLOGY HISTOLOGY AND ANATOMY
Statement of responsibility, etc FEHRENBACH / POPOWICS
942 ## - ADDED ENTRY ELEMENTS (KOHA)
Source of classification or shelving scheme
Item type Books
Holdings
Withdrawn status Lost status Source of classification or shelving scheme Damaged status Not for loan Collection code Permanent location Current location Date acquired Total Checkouts Full call number Barcode Date last seen Price effective from Koha item type
          Koleksioni i përgjithshem UBT - Lipjan UBT - Lipjan 04/27/2023   616.31FEH 002-80008024 04/27/2023 04/27/2023 Books
UBT Library © 2015-2024. All rights reserved University Education for Business and Technology